La criminología (Record no. 70778)

MARC details
000 -LEADER
campo de control de longitud fija 00879nam a2200229 i 4500
001 - NÚMERO DE CONTROL
campo de control 70778
003 - IDENTIFICADOR DE NÚMERO DE CONTROL
campo de control ES-MaACL
005 - FECHA Y HORA DE LA ÚLTIMA TRANSACCIÓN
campo de control 20250405233717.0
007 - CAMPO FIJO DE DESCRIPCIÓN FÍSICA--INFORMACIÓN GENERAL
campo de control de longitud fija t|
008 - DATOS DE LONGITUD FIJA--INFORMACIÓN GENERAL
campo de control de longitud fija 040802s1920 sp ||||1| spa d
100 1# - ENTRADA PRINCIPAL--NOMBRE DE PERSONA
Nombre de persona Garofalo, Raffaele.
9 (RLIN) 55622
245 13 - MENCIÓN DEL TÍTULO
Título La criminología
Resto del título : estudio sobre el delito y sobre la teoría de la represión /
Mención de responsabilidad, etc. por Raffaele Garofalo ; con un apéndice sobre los términos del problema penal por Luis Carelli ; traducción por Pedro Dorado Montero.
260 ## - PUBLICACIÓN, DISTRIBUCIÓN, ETC.
Lugar de publicación, distribución, etc. Madrid :
Nombre del editor, distribuidor, etc. [s.n.,
Fecha de publicación, distribución, etc. 1920] (
Fabricante Imp. de Gabriel L. del Horno)
300 ## - DESCRIPCIÓN FÍSICA
Extensión 528 p. ;
Dimensiones 23 cm.
650 #4 - PUNTO DE ACCESO ADICIONAL DE MATERIA--TÉRMINO DE MATERIA
Término de materia o nombre geográfico como elemento de entrada Teoría jurídica del delito.
9 (RLIN) 145060
650 #4 - PUNTO DE ACCESO ADICIONAL DE MATERIA--TÉRMINO DE MATERIA
Término de materia o nombre geográfico como elemento de entrada Teoría de la pena.
9 (RLIN) 141747
650 #4 - PUNTO DE ACCESO ADICIONAL DE MATERIA--TÉRMINO DE MATERIA
Término de materia o nombre geográfico como elemento de entrada Criminología.
9 (RLIN) 135832
700 1# - ENTRADA AGREGADA--NOMBRE PERSONAL
Nombre de persona Carelli, Luis.
9 (RLIN) 35227
700 1# - ENTRADA AGREGADA--NOMBRE PERSONAL
Nombre de persona Dorado Montero, Pedro,
Fechas asociadas al nombre 1861-1919
9 (RLIN) 45376
852 ## - LOCALIZACIÓN
Ubicación ES-MaACL
Número de control de estantería F-14870
Holdings
Estatus retirado Estado de pérdida Estado de daño No para préstamo Biblioteca de origen Biblioteca actual Ubicación en estantería Fecha de adquisición Fuente de adquisición Total de préstamos Signatura topográfica completa Código de barras Visto por última vez Precio de reemplazo Tipo de ítem Koha
        Biblioteca del Ateneo de Madrid Biblioteca del Ateneo de Madrid Sala Pecera Planta 2 17/01/2008     F-14870 1074108 23/02/2023 23/02/2023 Libro impreso